Grasshopper Poem - Statistics

General Stats
  • This quiz has been taken 8 times
  • The average score is 57 of 151
Answer Stats
Answer % Correct
a
100%
grass,
100%
grasshopper
100%
I
100%
it
100%
of
100%
she
100%
the
100%
This
100%
all
50%
and
50%
away.
50%
be
50%
day.
50%
die
50%
do
50%
Doesn't
50%
don't
50%
everything
50%
have
50%
her
50%
how
50%
into
50%
is
50%
is.
50%
know
50%
life?
50%
made
50%
my
50%
one
50%
out
50%
should
50%
soon?
50%
through
50%
to
50%
too
50%
what
50%
which
50%
Who
50%
who
50%
you
50%
around
0%
at
0%
attention,
0%
back
0%
bear?
0%
been
0%
black
0%
blessed
0%
complicated
0%
doing
0%
done?
0%
down-
0%
down
0%
eating
0%
else
0%
enormous
0%
exactly
0%
eyes.
0%
face.
0%
fall
0%
fields,
0%
floats
0%
flung
0%
forearms
0%
forth
0%
gazing
0%
hand,
0%
herself
0%
idle
0%
instead
0%
I've
0%
jaws
0%
last,
0%
lifts
0%
me
0%
me,
0%
mean-
0%
moving
0%
Now
0%
open
0%
pale
0%
pay
0%
plan
0%
prayer
0%
precious
0%
snaps
0%
stroll
0%
sugar
0%
swan,
0%
Tell
0%
thoroughly
0%
up
0%
washes
0%
wild
0%
wings
0%
with
0%
world?
0%
your
0%
No matching quizzes found
Score Distribution
Percent of People with Each Score
Percentile by Number Answered
Your Score History
You have not taken this quiz